h1

h2

h3

h4

h5
h6
000691349 001__ 691349
000691349 005__ 20251103160500.0
000691349 0247_ $$2ISSN$$a0021-9991
000691349 0247_ $$2ISSN$$a1090-2716
000691349 0247_ $$2SCOPUS$$aSCOPUS:2-s2.0-85018533311
000691349 0247_ $$2WOS$$aWOS:000402476400005
000691349 0247_ $$2doi$$a10.1016/j.jcp.2017.04.041
000691349 037__ $$aRWTH-2017-05843
000691349 041__ $$aEnglish
000691349 082__ $$a530
000691349 1001_ $$0P:(DE-82)IDM00055$$aTorrilhon, Manuel$$b0$$eCorresponding author$$urwth
000691349 245__ $$aHierarchical Boltzmann simulations and model error estimation$$honline, print
000691349 260__ $$aAmsterdam$$bElsevier$$c2017
000691349 3367_ $$00$$2EndNote$$aJournal Article
000691349 3367_ $$0PUB:(DE-HGF)16$$2PUB:(DE-HGF)$$aJournal Article$$bjournal$$mjournal
000691349 3367_ $$2BibTeX$$aARTICLE
000691349 3367_ $$2DRIVER$$aarticle
000691349 3367_ $$2DataCite$$aOutput Types/Journal article
000691349 3367_ $$2ORCID$$aJOURNAL_ARTICLE
000691349 536__ $$0G:(GEPRIS)320021702$$aEDDy ; Graduiertenkolleg 2326 - GRK 2326: (320021702)$$c320021702$$x0
000691349 588__ $$aDataset connected to Web of Science, Web of Science, , CrossRef
000691349 591__ $$aGermany
000691349 7001_ $$0P:(DE-82)538579$$aSarna, Neeraj$$b1$$eCorresponding author$$urwth
000691349 773__ $$0PERI:(DE-600)1469164-4$$a10.1016/j.jcp.2017.04.041$$p66-84$$tJournal of computational physics$$v342$$x0021-9991$$y2017
000691349 909CO $$ooai:publications.rwth-aachen.de:691349$$pVDB
000691349 9101_ $$0I:(DE-588b)36225-6$$6P:(DE-82)IDM00055$$aRWTH Aachen$$b0$$kRWTH
000691349 9101_ $$0I:(DE-588b)36225-6$$6P:(DE-82)538579$$aRWTH Aachen$$b1$$kRWTH
000691349 9141_ $$y2017
000691349 9151_ $$0StatID:(DE-HGF)0031$$2StatID$$aPeer reviewed article$$x0
000691349 915__ $$0StatID:(DE-HGF)0030$$2StatID$$aPeer Review$$bASC
000691349 915__ $$0StatID:(DE-HGF)0100$$2StatID$$aJCR$$bJ COMPUT PHYS : 2015
000691349 915__ $$0StatID:(DE-HGF)0110$$2StatID$$aWoS$$bScience Citation Index
000691349 915__ $$0StatID:(DE-HGF)0111$$2StatID$$aWoS$$bScience Citation Index Expanded
000691349 915__ $$0StatID:(DE-HGF)0150$$2StatID$$aDBCoverage$$bWeb of Science Core Collection
000691349 915__ $$0StatID:(DE-HGF)0199$$2StatID$$aDBCoverage$$bThomson Reuters Master Journal List
000691349 915__ $$0StatID:(DE-HGF)0200$$2StatID$$aDBCoverage$$bSCOPUS
000691349 915__ $$0StatID:(DE-HGF)0300$$2StatID$$aDBCoverage$$bMedline
000691349 915__ $$0StatID:(DE-HGF)0420$$2StatID$$aNationallizenz
000691349 915__ $$0StatID:(DE-HGF)0600$$2StatID$$aDBCoverage$$bEbsco Academic Search
000691349 915__ $$0StatID:(DE-HGF)1150$$2StatID$$aDBCoverage$$bCurrent Contents - Physical, Chemical and Earth Sciences
000691349 915__ $$0StatID:(DE-HGF)9900$$2StatID$$aIF < 5
000691349 9201_ $$0I:(DE-82)115010_20140620$$k115010$$lLehrstuhl für Mathematik (CCES)$$x0
000691349 9201_ $$0I:(DE-82)080002_20140620$$k080002$$lCenter for Computational Engineering Science (CCES)$$x1
000691349 9201_ $$0I:(DE-82)110000_20140620$$k110000$$lFachgruppe Mathematik$$x2
000691349 9201_ $$0I:(DE-82)111810_20140620$$k111810$$lLehrstuhl für Mathematik (Analysis)$$x3
000691349 961__ $$c2017-06-22T10:28:33.677795$$x2017-06-22T10:28:33.677795$$z2017-06-26
000691349 980__ $$aI:(DE-82)080002_20140620
000691349 980__ $$aI:(DE-82)110000_20140620
000691349 980__ $$aI:(DE-82)111810_20140620
000691349 980__ $$aI:(DE-82)115010_20140620
000691349 980__ $$aUNRESTRICTED
000691349 980__ $$aVDB
000691349 980__ $$ajournal